000 00571nam a2200181 a 4500
005 20140412111231.0
008 001111s19uu xx 00 eng d
020 _a0-395-36628-3
050 _aTR(PS E
_bCu-Go 1984
245 _aCurious George goes to the aquarium /
_cEdited by Margaret Rey and Alan J. Shalleck.
260 _aBoston :
_bHoughton Mifflin,
_c1984.
300 _a32 p. ; col.; ill.
440 _aCurious George
500 _aAdapted from the Curious George film series
650 _aAquarium--Fiction
650 _aMonkeys--Fiction
999 _c102175
_d102175